| 000 | 00855cam a2200253 a 4500 | ||
|---|---|---|---|
| 005 | 20240924071026.0 | ||
| 008 | 191127s2011 sp o gr 000 0cspa d | ||
| 020 | _a9788498416091 | ||
| 035 | _aUPN01000234394 | ||
| 040 |
_aMX-MxUPN _bspa _cMX-MxUPN |
||
| 050 | 4 |
_aZ997.2 E5 _bM37 2011 |
|
| 100 | 1 |
_aMarchamalo, Jesús, _d1960- _934783 |
|
| 245 | 1 | 0 |
_aDonde se guardan los libros : _bbibliotecas de escritores |
| 260 |
_aMadrid : _bSiruela : _bFundación Germán Sánchez Ruipérez , _c2011. |
||
| 300 |
_a222 páginas : _bfotografías |
||
| 490 | 0 |
_aEl ojo del tiempo ; _v62 |
|
| 500 | _aEn la portada: "Fotografías del autor". | ||
| 650 | 7 |
_944879 _aBibliotecas particulares _zEspaña |
|
| 650 | 0 |
_913175 _aAutores españoles _ySiglo XX |
|
| 650 | 4 |
_aLibros y lectura _95227 |
|
| 905 | _aLibro | ||
| 942 |
_n0 _cLIBRO _2lcc |
||
| 999 |
_c206489 _d206489 |
||